000 00408 a2200157 4500
001 149689
020 _a8533619839
040 _cEscola São Tomás de Aquino
100 _aPAIXÃO, Sylvia Perlingeiro
240 1 0 _aContos amazônicos Inglês de Souza
_lpor
245 1 0 _aContos amazônicos Inglês de Souza
300 _a205
362 0 _a2004
697 _aCRÔNICA, CONTO, NOVELA,CARTAS
942 _cBK
999 _c149689
_d149689